عرض عادي عرض مارك
  • Smith, Dorolyn

مدخل إسم شخص

عدد التسجيلات المستخدمة في: 1

001 - رقم الضبط

  • حقل الضبط: 56817

003 - معرف رقم الضبط

  • حقل الضبط: OSt

005 - تاريخ ووقت أخر عملية

  • حقل الضبط: 20161127124349.0

008 - عناصر بيانات ثابتة الطول

  • حقل تحكم ثابت الطول: 161127|| aca||aabn | a|a d

040 ## - مصدر الفهرسة

  • هيئة الفهرسة الأصلية: OSt
  • وكالة الكتابة: OSt

100 ## - مدخل -- أسم شخص

  • إسم شخص: Smith, Dorolyn

670 ## - بيانات المصدر موجوده

  • الاستشهاد بالمصدر: Work cat.: (OSt)0: Brown, Steven, 1952- 56814, Active listening. [Student's book]. 1 /, 2007